<?xml version="1.0" encoding="UTF-8" ?>
<collection xmlns="http://www.loc.gov/MARC21/slim"><record><leader>01522nam a2200337   4500</leader><controlfield tag="001">231051</controlfield><controlfield tag="003">CH-000273-5</controlfield><controlfield tag="005">20250811122813.0</controlfield><datafield tag="020" ind1=" " ind2=" "><subfield code="a">978-3-95476-709-0</subfield><subfield code="q">Book trade edition/Verlagsausgabe</subfield></datafield><datafield tag="020" ind1=" " ind2=" "><subfield code="a">978-3-85474-406-1</subfield><subfield code="q">Museum edition/Museumsausgabe</subfield></datafield><datafield tag="040" ind1=" " ind2=" "><subfield code="a">CH-000273-5</subfield><subfield code="b">ger</subfield><subfield code="e">rda</subfield></datafield><datafield tag="041" ind1="0" ind2=" "><subfield code="a">eng</subfield></datafield><datafield tag="041" ind1="0" ind2=" "><subfield code="a">ger</subfield></datafield><datafield tag="245" ind1="0" ind2="0"><subfield code="a">Extensions of self</subfield><subfield code="b">an exchange of human and artificial intelligence</subfield><subfield code="c">editor/Herausgeber*innen: Alfred Weidinger and/und Manfred Mandl for/für die OÖ Landes-Kultur GmbH, Maria Venzl ; authors/Autor*innen: Alice Bucknell/hybrid language model [und 10 weitere]</subfield></datafield><datafield tag="264" ind1=" " ind2="1"><subfield code="a">[Berlin]</subfield><subfield code="b">DISTANZ</subfield><subfield code="c">[2025]</subfield></datafield><datafield tag="300" ind1=" " ind2=" "><subfield code="a">163 Seiten</subfield><subfield code="c">25 cm</subfield></datafield><datafield tag="336" ind1=" " ind2=" "><subfield code="a">Text</subfield><subfield code="b">txt</subfield><subfield code="2">rdacontent</subfield></datafield><datafield tag="336" ind1=" " ind2=" "><subfield code="a">unbewegtes Bild</subfield><subfield code="b">sti</subfield><subfield code="2">rdacontent</subfield></datafield><datafield tag="337" ind1=" " ind2=" "><subfield code="a">ohne Hilfsmittel zu benutzen</subfield><subfield code="b">n</subfield><subfield code="2">rdamedia</subfield></datafield><datafield tag="338" ind1=" " ind2=" "><subfield code="a">Band</subfield><subfield code="b">nc</subfield><subfield code="2">rdacarrier</subfield></datafield><datafield tag="546" ind1=" " ind2=" "><subfield code="a">Paralleltext englisch und deutsch</subfield></datafield><datafield tag="650" ind1=" " ind2="7"><subfield code="a">Kunst</subfield><subfield code="x">Künstliche Intelligenz</subfield><subfield code="g">Motiv</subfield><subfield code="x">Maschine</subfield><subfield code="g">Motiv</subfield><subfield code="2">gnd</subfield></datafield><datafield tag="655" ind1=" " ind2="7"><subfield code="a">Ausstellungskatalog</subfield><subfield code="x">Museum Francisco-Carolinum (Linz)</subfield><subfield code="y">06.09.2023-24.02.2024</subfield><subfield code="z">Linz</subfield><subfield code="2">gnd-content</subfield></datafield><datafield tag="655" ind1=" " ind2="7"><subfield code="a">Bildband</subfield><subfield code="2">gnd-content</subfield></datafield><datafield tag="700" ind1="1" ind2=" "><subfield code="a">Weidinger, Alfred</subfield><subfield code="d">1961-</subfield><subfield code="e">Herausgeber</subfield><subfield code="4">edt</subfield></datafield><datafield tag="700" ind1="1" ind2=" "><subfield code="a">Mandl-Kiblböck, Manfred</subfield><subfield code="e">Herausgeber</subfield><subfield code="4">edt</subfield></datafield><datafield tag="700" ind1="1" ind2=" "><subfield code="a">Venzl, Maria</subfield><subfield code="e">Herausgeber</subfield><subfield code="4">edt</subfield></datafield><datafield tag="700" ind1="1" ind2=" "><subfield code="a">Bucknell, Alice</subfield><subfield code="e">Verfasser</subfield><subfield code="4">aut</subfield></datafield><datafield tag="710" ind1="2" ind2=" "><subfield code="a">Museum Francisco-Carolinum</subfield><subfield code="g">Linz</subfield><subfield code="e">Gastgebende Institution</subfield><subfield code="4">his</subfield></datafield><datafield tag="710" ind1="2" ind2=" "><subfield code="a">OÖ Landes-Kultur GmbH</subfield><subfield code="e">Herausgebendes Organ</subfield><subfield code="4">isb</subfield></datafield><datafield tag="852" ind1="4" ind2=" "><subfield code="a">CH-000273-5</subfield><subfield code="c">BD 2025/0148</subfield></datafield></record></collection>